Business process modelling, simulation and design / (Record no. 7429)

MARC details
000 -LEADER
fixed length control field 01463nam a2200193 4500
001 - CONTROL NUMBER
control field 8576
005 - DATE AND TIME OF LATEST TRANSACTION
control field 20181127190300.0
020 00 - INTERNATIONAL STANDARD BOOK NUMBER
International Standard Book Number 9780130915191
090 00 - LOCALLY ASSIGNED LC-TYPE CALL NUMBER (OCLC); LOCAL CALL NUMBER (RLIN)
Classification number (OCLC) (R) ; Classification number, CALL (RLIN) (NR) 658.4
100 00 - MAIN ENTRY--PERSONAL NAME
Personal name Laguna, Manuel.
245 00 - TITLE STATEMENT
Title Business process modelling, simulation and design /
Remainder of title
Statement of responsibility, etc. Manuel Laguna; Johan Marklund.
Medium
260 00 - PUBLICATION, DISTRIBUTION, ETC.
Place of publication, distribution, etc. Upper Seaddle River ;
Name of publisher, distributor, etc. Prentice Hall,
Date of publication, distribution, etc. 2004.
300 00 - PHYSICAL DESCRIPTION
Extent xii, 429 pages : illustrations ; 23 cm + CD-ROM
505 ## - FORMATTED CONTENTS NOTE
Formatted contents note CONTENTS: Introduction to Business Process Design. 2. Process Management and Process Oriented Improvement Programs. 3. A Simulation Based Methodology for Designing Business Processes. 4. Basic Tools for Process Design. 5. Managing Process Flows. 6. Introduction to Queuing and Simulation. 7. Introduction to Extend. 8. Modeling and Simulating Business Processes. 9. Input and Output Data Analysis. 10. Optimizing Business Process Performance. 11. Process Benchmarking with Data Envelopment Analysis.
Miscellaneous information
Statement of responsibility
Title
520 ## - SUMMARY, ETC.
Summary, etc. This book covers the design of business processes from a broad quantitative modelling perspective. The text presents a multitude of analytical tools that can be used to model, analyse, understand and ultimately, to design business processes. A major portion of the book is devoted to simulation modelling using a discrete-event simulation package.
650 00 - SUBJECT ADDED ENTRY--TOPICAL TERM
Topical term or geographic name entry element Business -- Computer simulation
General subdivision
Topical term or geographic name entry element Business -- Mathematical models.
General subdivision
Holdings
Withdrawn status Lost status Source of classification or shelving scheme Damaged status Not for loan Collection code Home library Current library Shelving location Serial Enumeration / chronology Inventory number Total Checkouts Full call number Barcode Date last seen Price effective from Koha item type Date acquired
    Dewey Decimal Classification     Main TEST RTC Library RTC Library Main opac 13053   658.4 LAG 30013466 27/11/2018 27/11/2018 Main  
    Dewey Decimal Classification     Desk RTC Library RTC Library Desk     658.4 LAG 30013329 27/11/2018 27/11/2018 Desk (DVD/CD) 18/03/2021
Royal Thimphu College || All Right Reserved